Igra lisic : epizody agenturnoj bor‘by /

Hlavní autor: Farago, Ladislas, 1906-1980
Jazyk: Ruština
Vydáno: Moskva : Meždunarodnyje otnošenija, 1979
Fyzický popis: 292 s.
Knihy
Uloženo v:
LEADER 00781nam a22002532a 4500
001 001151894
003 CZ BrMZK
005 20210406143725.0
007 ta
008 110531s1979 ru er|||||||||||rus d
040 |a BOA001  |b cze 
041 1 |a rus  |h eng 
080 9 |a 327.84(430)"1941/1945 
080 9 |a 940.53:327.84 
100 1 |a Farago, Ladislas,  |d 1906-1980  |7 jn20020909030  |4 aut 
245 1 0 |a Igra lisic :  |b epizody agenturnoj bor‘by /  |c Ladislas Farago 
260 |a Moskva :  |b Meždunarodnyje otnošenija,  |c 1979 
300 |a 292 s. 
500 |a Přeloženo z angličtiny 
765 0 |t Game of the foxes  |9 Rusky 
910 |a BOA001  |b 2-0819.212 
990 |a BK 
991 |b 201105 
996 7 |b 2619418863  |c 2-0819.212  |l MZK  |r Sklad / do 1 hodiny  |n 0  |w 001184828  |u 000010  |a 1  |e BOA001  |j MZK50  |s A